000 01615nmc a2200553 a 4500
003 AR-BaBNM
005 20251128210856.0
008 181020s1988 ||||||||||||||000 | spa||
020 _a950-581-072-5
040 _cAR-BaBNM
245 1 0 _aLas provincias y su literatura
_bSanta Fe. Antología
250 _a1ª ed.
260 _aBuenos Aires
_bEdiciones Colihue
_c1988
300 _a281 p.
_bil.
490 0 _aLeer y crear
_vv. 72
500 _aContiene referencias bibliográficas y propuestas de trabajo
600 1 4 _aFontanarrosa, Roberto
600 1 4 _aPedroni, José
600 1 4 _aPeirano, Irma
600 1 4 _aPozo, Andrés del
600 1 4 _aNoriega, Nestor Alfredo
600 1 4 _aVallejo, Beatriz
600 1 4 _aGola, Hugo
600 1 4 _aAldana, Felipe
600 1 4 _aRíos Ortíz, Ricardo
600 1 4 _aPadeletti, Hugo
600 1 4 _aGandolfo, Francisco
600 1 4 _aDiz, Hugo
600 1 4 _aActis Bru, César
600 1 4 _aIsaías, Jorge
600 1 4 _aBertone, Concepción
600 1 4 _aD'Anna, Eduardo
600 1 4 _aGómez, Julio Luis
600 1 4 _aPrevigliano, Eugenio
600 1 4 _aPrieto, Martín
600 1 4 _aBuchin, Mirko Rafael
650 4 _aLITERATURA ARGENTINA
650 4 _aANTOLOGIAS
650 4 _aLITERATURA CONTEMPORANEA
650 4 _aESCRITORES
651 4 _aSanta Fe
655 _aLITERATURA
700 1 _aAlliani, Stella Maris
_ecompilador
700 1 _aMusumeci de Bonina, Graciela
_ecompilador
700 1 _aZárate de Carbone, María Angélica
_ecompilador
800 1 _aPetruzzi, Herminia
_edirector
942 _cBK
998 _cMARTIN
999 _c17264
_d17264